Groundwater and soil remediation: practical methods and strategies
Salvato in:
| Autore principale: | |
|---|---|
| Natura: | Libro |
| Lingua: | inglese |
| Pubblicazione: |
Chelsea
Ann Arbor
1998
|
| Soggetti: | |
| Tags: |
Aggiungi Tag
Nessun Tag, puoi essere il primo ad aggiungerne!!
|
MARC
| LEADER | 00000nam a2200000 a 4500 | ||
|---|---|---|---|
| 001 | UCL4641 | ||
| 003 | CL-VaPUC | ||
| 008 | 040123e19980000us |||||||||||||||||eng|d | ||
| 020 | |a 1575040883 | ||
| 082 | 0 | 4 | |a 628.168 |b NYE |2 21 |
| 100 | |a Nyer, Evan K. |e author |9 482280 | ||
| 245 | 1 | 0 | |a Groundwater and soil remediation: practical methods and strategies |
| 300 | |a 226 p | ||
| 942 | |c BK | ||
| 945 | |d 20040123 00:00:00 |a cmena | ||
| 260 | |a Chelsea |b Ann Arbor |c 1998 | ||
| 650 | 0 | |a Contaminación del agua |9 261423 | |
| 650 | 0 | |a Contaminación del suelo |9 338123 | |
| 650 | 7 | |a PURIFICACION |2 CL-VaPUC |9 262791 | |
| 650 | 0 | |a Matemática aplicada |9 260236 | |
| 650 | 0 | |a Modelos matemáticos |9 259437 | |
| 583 | |a last modification |c 20150430 03:43:24 |k Rodrigo Vera | ||
| 999 | |c 307454 |d 307452 | ||
| 952 | |0 0 |1 0 |4 0 |6 628_168000000000000_NYE_1998 |7 0 |8 A |9 373419 |a BIBING |b BIBING |d 2019-11-21 |i 3981592 |o 628.168 NYE 1998 |p 3981592 |r 2025-01-20 |w 2019-11-21 |y BK |k EIB | ||